Statystyki dla Wielki Test O Pokemonach 2

Kliknij tutaj aby rozwiązać quiz!

Ogólne statystyki

  • Ten quiz został rozwiązany 179 razy
  • Średni wynik to 3 z 15

Statystyki odpowiedzi

PytaniaOdpowiedź% Poprawnych
2. O jakim pokemonie mowa? ....... to Pokémon typu wodnego wprowadzony w Generacji III. Czy to Gorebyss, Shellos czy Clawitzer?Gorebyss
94%
3. O jakim pokemonie mowa? ....... to Pokémon, który ma największą statystykę ataku, ale też może się poszczycić bardzo dobrą statystyką obrony. Od dwóch typów dostaję super efektywnie a od dwa razy większej ilości dostaje nie efektywnie. Przykładowymi TM, które może się nauczyć to Toxic, Sleep Talk oraz Surf. Czy to Seel, Golduck czy Krabby?Krabby
85%
1. Uszereguj regiony według generacji pokemon. (pisz pierwszą, dużą literę, na końcu przecinek i spacja)Kanto, Johto, Hoenn, Sinnoh, Unova, Kalos, Alola, Galar
39%
9.Jaki kolor w shiny formie ma Espeon? Niebieski, Zielony czy Żółty?Zielony
37%
6. Ile typów rezystuje pokemon Jirachi?9
31%
14. O jakim pokemonie mowa? Ten stworek to okrągły, niebieski Pokémon z czerwonymi paciorkowatymi oczami i małymi, okrągłymi stopami i ogonem. Ten pokemon dryfuje na sezonowych wiatrach i może używać swoich zarodników do mistrzowskiego manewrowania na całym świecie. Rozprzestrzenia swoje zarodniki, unosząc się w górę, aby stworzyć potomstwo. Schodzi, jeśli napotka zimne prądy powietrza. Choć spędza dużo czasu w powietrzu, powszechnie widać go nad długimi trawami.Jumpluff
6%
13. O jakim pokemonie mowa? Ten Pokemon nie ma ewolucji. To stworzenie to owadoidowy Pokémon ze stalowym korpusem, który ma trzy różne sekcje. Jego jajowaty brzuch ma kolor ciemnoszary z jasnoszarym paskiem owiniętym wokół środka i dwoma okręgami przypominającymi nity w pobliżu poszarpanego szwu.Durant
5%
7. W Pokedexie Numer 621 ma Druddigon. Jakie pokemony są przed nim i za nim w Pokedexie? (podpowiedź: ten za nim ma typ: walczący, a przed nim: ziemno-duchowy)Mienshao, Golett
5%
4. Jaką statystykę ma największą Pokémon Latios? A jaką ma w Mega Ewolucji?Specjalny Atak, Specjalny Atak
5%
8. Podaj Informacje O Spinaraku. (Typy [po angielsku], Generacja, Poziom Ewolucji, Najlepsza Statystyka, Na Ile Typów Dostaję Super Efektywnie, Na Którym Poziomie Poznaję Psychic)Bug, Poison, 2, 22, Atak, 4, 40
3%
5. Jakich typów oraz ataków uczy się przez lvl Togedemaru? (po angielsku) 1 Tackle Normal, 1 Thunder Shock Electric, 5 Defense Curl ..........., 9 ......... Rock, 13 Charge Electric, 17 Spark Electric, 21 Nuzzle ........., 25 Magnet Rise Electric, 29 Discharge Electric, 33 Zing Zap .........., 41 Wild Charge Electric, 45 .............., Bug, 49 Spiky Shield Grass, 53 Fell Stinger BugNormal, Rollout, Electric, Electric, Pin Missile
3%
12. Który z tych pokemonów ma największą statystykę Specjalnego Ataku? Podaj te pokemony w kolejności od największej do najmniejszej ilości punktów specjalnego ataku. Vanillish, Wooper, Oddish, Suicune, PidoveSuicune, Vanillish, Oddish, Pidove, Wooper
3%
11. Jaką siłę mają ataki pokemona Gliscor'a? (Atak, Siła Ataku) Fire Fang ........, Fury Cutter ........, Acrobatics ........, U-Turn ............, Sky Uppercut .............65, 40, 55, 70, 85
2%
15. Podaj Informacje O Ostatnim Dodanym Pokemonie w Pokedexie - Nie liczymy Pokemonów z Pokemon Sword and Shield. (Nazwa Pokemona, Generacja, Typ [po angielsku], Ilość Abilitek, 2 Najwyższe Statystyki, 2 Najmniejsze Statystyki, Od Ilu Typów Dostaję: Normalnie, Super Efektywnie, Odporny, Nie Efektywnie, Ile Poznaje Ataków Przez: Lvl, TM, Kolor [śrubki] w Shiny Formie)Melmetal, 7, Steel, 1, Atak, Obrona, Specjalna Obrona, Prędkość, 4, 3, 1, 10, 16, 20, Brązowy
1%
10. Pokemon Piloswine potrafi nauczyć się wielu TM z różnych typów. Napisz mi w takiej kolejności: Typ, Ilość Ataków (po angielsku). ........... 15, Ice ............., Poison ........., Psychic ..........., .............. 2, Rock 4, ............ 1Normal, 3, 1, 3, Ground, Water
1%

Rozkład punktacji

Percentyl według liczby udzielonych odpowiedzi

Procent ludzi z każdym wynikiem

Twoja historia wyników

Nie rozwiązałeś tego quizu